Normal view
MARC view
Entry Término temático
001 - NÚMERO DE CONTROL
- campo de control: 174197
003 - IDENTIFICADOR DEL NÚMERO DE CONTROL
- campo de control: OSt
005 - FECHA Y HORA DE LA ÚLTIMA TRANSACCIÓN
- campo de control: 20240223093205.0
008 - DATOS DE LONGITUD FIJA
- campo de control de longitud fija: 220127|| aca||aabn | a|a d
040 ## - FUENTE DE LA CATALOGACIÓN
- Centro catalogador/agencia de origen: OSt
- Centro/agencia transcriptor: OSt
150 ## - ENCABEZAMIENTO--TÉRMINO DE MATERIA
- Término de materia o nombre geográfico como elemento de entrada: Tulipanes
- Subdivisión general: Enfermedades por bacterias
670 ## - FUENTE DE DATOS ENCONTRADOS
- Cita de la fuente: Work cat.: (OSt)207686: Vite Cayetano, Gabriel 120032, Detección de bacteris presentes en bublbos de tulipan (Tulipa sp.) importados en Holanda /
